00454nam a2200169Ia 450000500170000000800410001702000150005808200210007310000150009424500390010926000580014830000160020665000100022265000210023265000180025365000130027120250203061023.0240331s9999 xx 000 0 und d a0691021910 bOKI21159a305.4 aOkin, S. M 0aWomen in Western Political Thought aNew Jersey;aOxfordbPrinceton University Pressc1979 aix, 413 p., aWomen aWestern Politics aFunctionalism aMisogyny